[Event "XV Konik Morski Rewala - Open B"]
[Site "Rewal"]
[Date "2010.08.26"]
[Round "7.30"]
[White "Kiolbasa, Oliwia"]
[Black "Statucki, Maciej"]
[Result "1/2-1/2"]
[WhiteElo "1593"]
[BlackElo "1832"]
[PlyCount "163"]
[EventDate "2010.??.??"]

1. e4 c5 2. Nf3 Nc6 3. d4 cxd4 4. Nxd4 Nf6 5. Nc3 e5 6. Ndb5 d6 7. a4 a6 8. Na3
Be6 9. Bc4 Be7 10. O-O O-O 11. Re1 Rc8 12. Nd5 Bxd5 13. Bxd5 Kh8 14. c3 Nd7 15.
Nc4 Nb6 16. Ne3 g6 17. f3 Bg5 18. Bb3 a5 19. Kh1 Qe7 20. Nd5 Nxd5 21. Bxd5 Bf6
22. Be3 Bg7 23. Qd2 f5 24. Rad1 f4 25. Bb6 Rf6 26. Bb3 g5 27. Qd5 g4 28. Rf1
Rh6 29. fxg4 Qh4 30. Bg1 Qxg4 31. Qd3 Rf8 32. Qf3 Qd7 33. Bd5 Ne7 34. Bb3 Ng6
35. Rd2 Nh4 36. Qd3 Qg4 37. Qe2 Qg5 38. Bd1 Qe7 39. Qd3 Rff6 40. Bf3 Rfg6 41.
Qe2 Bf6 42. Qd3 Nxf3 43. Rxf3 Bh4 44. Qe2 Bg3 45. h3 Qe6 46. Bh2 Bh4 47. b4
axb4 48. cxb4 Rg7 49. b5 Rhg6 50. Qf1 Qc8 51. Rb3 Qa8 52. Ra3 b6 53. Re2 d5 54.
exd5 Qxd5 55. Raa2 Rd7 56. Ra1 Rf6 57. Qf3 Qd4 58. Rc1 Rfd6 59. Rec2 Bd8 60.
Rc4 Qd3 61. Qxd3 Rxd3 62. Kg1 Be7 63. Re4 Bc5+ 64. Kf1 Be3 65. Re1 R3d4 66.
Rxe5 Rxa4 67. Bg1 Rf7 68. Bxe3 fxe3+ 69. Kg1 Rf2 70. R1xe3 Raa2 71. Rg3 h6 72.
Re6 Kh7 73. Rxb6 Rfe2 74. Rb7+ Kh8 75. Rg6 h5 76. Rg5 h4 77. Rg4 Re1+ 78. Kh2
Raa1 79. Rxh4+ Kg8 80. Rc4 Rh1+ 81. Kg3 Ra3+ 82. Kh4 1/2-1/2

[Event "XV Konik Morski Rewala - Open B"]
[Site "Rewal"]
[Date "2010.08.26"]
[Round "7.32"]
[White "Milanowski, Jan"]
[Black "Szczurek, Natalia"]
[Result "1-0"]
[WhiteElo "2049"]
[BlackElo "1729"]
[PlyCount "109"]
[EventDate "2010.??.??"]

1. c4 e5 2. Nc3 Nf6 3. d3 d5 4. g3 d4 5. Nb1 c6 6. Bg2 Bb4+ 7. Bd2 Qb6 8. Qc2
Nbd7 9. a3 Be7 10. b4 c5 11. b5 a6 12. a4 a5 13. Nh3 h6 14. O-O g5 15. f3 Nf8
16. Qc1 Bd7 17. Qe1 Ng6 18. Bc1 Nh5 19. e4 Ng7 20. Nd2 h5 21. Nb3 g4 22. Nf2
gxf3 23. Bxf3 h4 24. Bd2 Bd8 25. Ng4 Ne6 26. Bg2 hxg3 27. hxg3 Ng5 28. Nf2 Qc7
29. Qc1 Nh3+ 30. Nxh3 Bxh3 31. Bg5 Qd7 32. Ra2 Qg4 33. Bxd8 Rxd8 34. Qe1 b6 35.
Qf2 Rh7 36. Qf3 Qe6 37. Raf2 Bxg2 38. Rxg2 Ke7 39. Qf5 Rdh8 40. Qg5+ Ke8 41.
Rf6 Rh1+ 42. Kf2 Qe7 43. Qf5 Qd8 44. Rxf7 Nf4 45. Rb7 Rf8 46. Qxe5+ Ne6+ 47.
Ke2 Qf6 48. Qxf6 Rxf6 49. Nd2 Rg6 50. Kf3 Ra1 51. e5 Rxa4 52. Ne4 Ra3 53. Nf6+
Kf8 54. Ke4 Ng7 55. Rh2 1-0

[Event "XV Konik Morski Rewala - Open B"]
[Site "Rewal"]
[Date "2010.08.26"]
[Round "7.33"]
[White "Cwik, Jacek"]
[Black "Gola, Karolina"]
[Result "1/2-1/2"]
[WhiteElo "1701"]
[BlackElo "1862"]
[PlyCount "41"]
[EventDate "2010.??.??"]

1. e4 c5 2. Nc3 e6 3. f4 a6 4. Nf3 d5 5. e5 Nc6 6. d3 Nge7 7. Ne2 b5 8. c3 Nf5
9. Ng3 Nce7 10. Ne2 Nc6 11. Ng3 Nh4 12. Nxh4 Qxh4 13. Qh5 Be7 14. Be3 Qxh5 15.
Nxh5 O-O 16. Be2 Bb7 17. O-O Rfd8 18. Bf2 Rab8 19. Rab1 d4 20. Rfd1 b4 21. c4
1/2-1/2

[Event "XV Konik Morski Rewala - Open B"]
[Site "Rewal"]
[Date "2010.08.26"]
[Round "7.34"]
[White "Majdan, Damian"]
[Black "Prazmowski, Wlodzimierz"]
[Result "1-0"]
[WhiteElo "1846"]
[BlackElo "1701"]
[PlyCount "139"]
[EventDate "2010.??.??"]

1. Nf3 d5 2. e3 Nf6 3. b3 Bg4 4. Be2 e6 5. h3 Bh5 6. O-O Be7 7. Bb2 O-O 8. d3
c5 9. Nbd2 Nc6 10. Ne5 Bxe2 11. Qxe2 Rc8 12. c4 d4 13. exd4 Nxd4 14. Bxd4 Qxd4
15. Nef3 Qf4 16. g3 Qd6 17. Ne4 Qc7 18. d4 Nxe4 19. Qxe4 Bf6 20. Rad1 cxd4 21.
Nxd4 Rcd8 22. Ne2 Qa5 23. Qc2 Be5 24. Nc1 Rc8 25. Qe2 Bf6 26. Qd2 Qh5 27. Kg2
Qc5 28. Qe2 h6 29. Nd3 Qc6+ 30. Kh2 Rfd8 31. Nf4 Qc7 32. Nh5 Qe5 33. Nxf6+ Qxf6
34. Kg2 e5 35. Rd5 Re8 36. Re1 e4 37. Kg1 Rc7 38. Qg4 Rce7 39. Rd7 Qc6 40. Rxe7
Rxe7 41. Rd1 Qc7 42. Re1 Qe5 43. Qc8+ Kh7 44. Qg4 f5 45. Qd1 Qc5 46. Qe2 g5 47.
Rd1 Qe5 48. Rd5 Qe6 49. Qe3 b6 50. Kg2 Rd7 51. Qd4 Rxd5 52. cxd5 Qd6 53. f3
exf3+ 54. Kxf3 Kg6 55. Qc4 Qc5 56. Qd3 Kf6 57. g4 fxg4+ 58. hxg4 Qd6 59. Qf5+
Kg7 60. Ke4 Qb4+ 61. Ke5 Qc3+ 62. Ke4 Qb4+ 63. Ke5 Qc3+ 64. Ke6 Qc8+ 65. Ke7
Qc7+ 66. Qd7 Qe5+ 67. Kd8+ Kg8 68. d6 Qd5 69. Qf5 Qxf5 70. gxf5 1-0

[Event "XV Konik Morski Rewala - Open B"]
[Site "Rewal"]
[Date "2010.08.26"]
[Round "7.35"]
[White "Zawada, Jozef"]
[Black "Gotin, Evgeniy"]
[Result "1/2-1/2"]
[WhiteElo "1838"]
[BlackElo "1696"]
[PlyCount "136"]
[EventDate "2010.??.??"]

1. d4 Nf6 2. c4 e6 3. Nc3 Bb4 4. Bd2 b6 5. a3 Bxc3 6. Bxc3 Bb7 7. e3 O-O 8. Nf3
d6 9. Bd3 Nbd7 10. O-O c5 11. Re1 Ne4 12. Nd2 Nxc3 13. bxc3 f5 14. Be2 Qf6 15.
Bf3 d5 16. a4 g5 17. g3 g4 18. Bh1 h5 19. Nb3 Rad8 20. cxd5 Bxd5 21. Bxd5 exd5
22. dxc5 Nxc5 23. Nxc5 bxc5 24. h4 Qxc3 25. Rc1 Qa5 26. Qc2 c4 27. Red1 Rb8 28.
Rd4 Rb4 29. Rcd1 Qxa4 30. Qxa4 Rxa4 31. Rxd5 a5 32. Rc5 Kg7 33. Rc1 Kf6 34.
R5xc4 Rxc4 35. Rxc4 Ra8 36. Ra4 Ke5 37. Kf1 Kd5 38. Ke2 Kc5 39. Kd3 Kb5 40. Rf4
a4 41. Kc2 Rc8+ 42. Kb2 Rc4 43. Rxf5+ Kb4 44. Rf8 a3+ 45. Kb1 Kc3 46. Ka2 Ra4
47. Rf5 Rc4 48. Kxa3 Rc8 49. Ka4 Kc4 50. Ka5 Rh8 51. Kb6 Kd3 52. Kc5 Ke4 53.
Rf4+ Ke5 54. Kc4 Rd8 55. Rd4 Rf8 56. Rf4 Rd8 57. Rf7 Rd2 58. Rh7 Rxf2 59. Rxh5+
Ke4 60. Rg5 Kf3 61. Rf5+ Kxg3 62. Rxf2 Kxf2 63. h5 g3 64. h6 g2 65. h7 g1=Q 66.
h8=Q Qc1+ 67. Qc3 Qxc3+ 68. Kxc3 Kxe3 1/2-1/2

[Event "XV Konik Morski Rewala - Open B"]
[Site "Rewal"]
[Date "2010.08.26"]
[Round "7.36"]
[White "Kaczmarek, Alicja"]
[Black "Skiba, Marta"]
[Result "1/2-1/2"]
[WhiteElo "1806"]
[BlackElo "1691"]
[PlyCount "42"]
[EventDate "2010.??.??"]

1. e4 e5 2. Nf3 Nc6 3. d4 exd4 4. Bc4 Nf6 5. Ng5 d5 6. exd5 Na5 7. Qxd4 Nxc4 8.
Qxc4 Qxd5 9. Qxd5 Nxd5 10. O-O Be7 11. Bd2 O-O 12. Nf3 Bf6 13. c3 Bg4 14. Na3
a6 15. Nc4 Bxf3 16. gxf3 Rad8 17. Rad1 h5 18. Be3 Rfe8 19. Rfe1 b5 20. Nd2 Bh4
21. Nf1 c6 1/2-1/2

[Event "XV Konik Morski Rewala - Open B"]
[Site "Rewal"]
[Date "2010.08.26"]
[Round "7.37"]
[White "Szolc, Grzegorz"]
[Black "Stankowski, Aleksander"]
[Result "1-0"]
[WhiteElo "1678"]
[BlackElo "1804"]
[PlyCount "77"]
[EventDate "2010.??.??"]

1. e4 Nf6 2. e5 Nd5 3. d4 d6 4. c4 Nb6 5. f4 dxe5 6. fxe5 Bf5 7. Nf3 e6 8. Be3
Nc6 9. Nc3 Nb4 10. Rc1 c5 11. a3 Na6 12. d5 f6 13. Be2 fxe5 14. Nxe5 Bd6 15.
Nf3 O-O 16. O-O Bg4 17. Ne4 Bf4 18. Bxf4 Rxf4 19. Nfg5 Rxf1+ 20. Qxf1 Bxe2 21.
Qxe2 exd5 22. Qh5 h6 23. Qf7+ Kh8 24. Qg6 hxg5 25. Nxg5 Kg8 26. Qh7+ Kf8 27.
Ne6+ Ke7 28. Nxd8 Rxd8 29. Qxg7+ Kd6 30. Rf1 Nd7 31. cxd5 c4 32. Qd4 Nac5 33.
Qxc4 Re8 34. Qf4+ Re5 35. Qh6+ Kc7 36. g4 Re4 37. h3 Ne5 38. b4 Ncd3 39. Qh7+
1-0

[Event "XV Konik Morski Rewala - Open B"]
[Site "Rewal"]
[Date "2010.10.26"]
[Round "7.38"]
[White "Paszewski, Mateusz"]
[Black "Nun, Ryszard"]
[Result "1-0"]
[WhiteElo "1781"]
[BlackElo "1684"]
[PlyCount "53"]
[EventDate "2010.??.??"]

1. e4 c5 2. Nf3 d6 3. d4 cxd4 4. Nxd4 Nf6 5. Nc3 a6 6. Bg5 e6 7. f4 Be7 8. Qf3
Qc7 9. O-O-O Nc6 10. Nxc6 bxc6 11. e5 Nd5 12. Bxe7 Qxe7 13. Ne4 dxe5 14. fxe5
O-O 15. Bd3 Qh4 16. g3 Qh6+ 17. Kb1 Rb8 18. c4 Ne3 19. Rde1 Ng4 20. Qxg4 f5 21.
exf6 Rxf6 22. Nxf6+ Qxf6 23. b3 Qc3 24. Bc2 e5 25. Qe4 g6 26. Qxe5 Qxb3+ 27.
axb3 1-0

[Event "XV Konik Morski Rewala - Open B"]
[Site "Rewal"]
[Date "2010.08.26"]
[Round "7.39"]
[White "Wojna, Natalia"]
[Black "Laszewski, Kazimierz"]
[Result "1/2-1/2"]
[WhiteElo "1527"]
[BlackElo "1769"]
[PlyCount "62"]
[EventDate "2010.??.??"]

1. e4 e5 2. Nf3 Nc6 3. Bb5 a6 4. Ba4 Nf6 5. O-O Be7 6. Re1 b5 7. Bb3 d6 8. h3
Na5 9. d3 Nxb3 10. axb3 c5 11. Nc3 O-O 12. Nxb5 Bxh3 13. Nxd6 Bxg2 14. Nf5 Bxf3
15. Qxf3 Nd7 16. Qg3 g6 17. Bh6 Re8 18. f3 Kh8 19. Bg7+ Kg8 20. Bh6 Bf6 21. Kf2
Kh8 22. Nd6 Re7 23. Rh1 Qg8 24. Rh2 Re6 25. Nc4 Bg7 26. Rah1 Nf6 27. Rg1 Bxh6
28. Rxh6 Nh5 29. Qg5 Rae8 30. Ne3 Qf8 31. Nd5 Rc6 1/2-1/2

[Event "XV Konik Morski Rewala - Open B"]
[Site "Rewal"]
[Date "2010.08.25"]
[Round "7.40"]
[White "Kwasniewski, Pawel"]
[Black "Karwowski, Kacper"]
[Result "0-1"]
[WhiteElo "1478"]
[BlackElo "1761"]
[PlyCount "88"]
[EventDate "2010.??.??"]

1. d4 Nf6 2. Nf3 e6 3. c4 b6 4. Bg5 Ba6 5. Nbd2 Be7 6. e3 O-O 7. Bd3 h6 8. Bh4
d5 9. Qe2 Nbd7 10. O-O c5 11. cxd5 Bxd3 12. Qxd3 Nxd5 13. Bxe7 Qxe7 14. a3 Rfd8
15. Qe2 Rac8 16. Rac1 N7f6 17. Rfd1 g5 18. h3 Kg7 19. Nc4 Ne4 20. Nfd2 Nxd2 21.
Rxd2 cxd4 22. Rxd4 b5 23. Qd2 bxc4 24. Rd1 Rf8 25. e4 Nf6 26. f4 e5 27. fxe5
Qxe5 28. Rd6 Nxe4 29. Qd4 Qxd4+ 30. R6xd4 Nf6 31. Rc1 c3 32. bxc3 Rfd8 33. Ra4
Rd7 34. c4 Rc5 35. Rb1 Ne4 36. Rb5 Rxb5 37. cxb5 Nc3 38. Rb4 Rb7 39. a4 a6 40.
Rc4 Nd5 41. Rc5 Nb6 42. bxa6 Ra7 43. a5 Nd7 44. Rc6 Nb8 0-1

[Event "XV Konik Morski Rewala - Open B"]
[Site "Rewal"]
[Date "2010.08.26"]
[Round "7.41"]
[White "Biszof, Henryk"]
[Black "Janik, Lidia"]
[Result "1-0"]
[WhiteElo "1739"]
[BlackElo "1608"]
[PlyCount "93"]
[EventDate "2010.??.??"]

1. e4 c5 2. Nf3 d6 3. d4 cxd4 4. Nxd4 g6 5. Nc3 Bg7 6. Be3 Nf6 7. Qd2 a5 8. Be2
O-O 9. O-O b5 10. a3 Bb7 11. f3 Nbd7 12. Nb3 Rc8 13. Rac1 Ne5 14. Nd1 Nc4 15.
Bxc4 Rxc4 16. Nxa5 Rc7 17. Bb6 Rxc2 18. Rxc2 Qxb6+ 19. Kh1 Ba8 20. b4 Nd7 21.
Nc3 Rc8 22. Nd5 Rxc2 23. Qxc2 Bxd5 24. exd5 Ne5 25. Qc8+ Bf8 26. Nc6 Nd3 27. h3
Qe3 28. Nb8 Nf2+ 29. Kh2 Qf4+ 30. Kg1 Nd3 31. Nd7 Qe3+ 32. Kh2 Qf4+ 33. Kh1 Qh6
34. Nxf8 Qxf8 35. Qa6 Qh6 36. Qb6 Qg5 37. Qd4 Nf4 38. Qf2 Qxd5 39. Qe3 e5 40.
Kh2 Qa2 41. Rf2 Qe6 42. Qb6 Qd7 43. Rd2 f6 44. Rxd6 Qf5 45. Rxf6 Qc2 46. Qd8+
Kg7 47. Qf8# 1-0

[Event "XV Konik Morski Rewala - Open B"]
[Site "Rewal"]
[Date "2010.08.26"]
[Round "7.42"]
[White "Murawko, Katarzyna"]
[Black "Poswiatowski, Stanislaw"]
[Result "1/2-1/2"]
[WhiteElo "1734"]
[BlackElo "1667"]
[PlyCount "51"]
[EventDate "2010.??.??"]

1. e4 Nc6 2. d4 d5 3. e5 Bf5 4. Nf3 e6 5. Bd3 Bg6 6. Bxg6 hxg6 7. Be3 Nge7 8.
g4 Qd7 9. Nbd2 Ng8 10. c3 Nh6 11. Rg1 f5 12. h3 Nf7 13. Rg3 Be7 14. Qc2 O-O-O
15. O-O-O Nh6 16. Rh1 Rdf8 17. gxf5 gxf5 18. Bf4 Rfg8 19. Rhg1 Bd8 20. Nb3 b6
21. Qd2 Qf7 22. Kb1 Kb7 23. R3g2 Qh5 24. Rg3 Be7 25. Qe3 Qf7 26. Qd2 1/2-1/2

[Event "XV Konik Morski Rewala - Open B"]
[Site "Rewal"]
[Date "2010.08.26"]
[Round "7.43"]
[White "Kowalski, Maciej"]
[Black "Jewulski, Krzysztof"]
[Result "0-1"]
[WhiteElo "1649"]
[BlackElo "2002"]
[PlyCount "120"]
[EventDate "2010.??.??"]

1. f4 Nf6 2. Nf3 g6 3. e3 Bg7 4. g3 c5 5. Bg2 Nc6 6. O-O O-O 7. d3 d5 8. Qe1
Bf5 9. a3 c4 10. Qe2 cxd3 11. cxd3 Rc8 12. h3 Qb6 13. g4 Bd7 14. Nc3 Rfd8 15.
Qf2 Be8 16. d4 Ne4 17. Nxe4 dxe4 18. Ne5 f6 19. Nxc6 Bxc6 20. b4 Bb5 21. Rd1
Bd3 22. Kh2 Rc2 23. Bd2 Rdc8 24. Rac1 Qa6 25. Rxc2 Rxc2 26. Ra1 Qc4 27. Qe1 Qb3
28. Rc1 Rb2 29. Rc8+ Kf7 30. Bc1 Re2 31. Qg1 Rc2 32. Rxc2 Qxc2 33. Qe1 e6 34.
Qd2 Bf8 35. Qxc2 Bxc2 36. Kg3 Ke7 37. Bf1 Kd6 38. Kf2 Kd5 39. Ke1 Bd3 40. Bg2
Kc4 41. Kd2 Kb3 42. h4 b6 43. g5 f5 44. Bh3 a5 45. bxa5 bxa5 46. Kd1 Bxa3 47.
Bd2 a4 48. h5 Bf8 49. Bc1 a3 50. Bxa3 Kxa3 51. hxg6 hxg6 52. Kd2 Kb3 53. Bg2
Bb4+ 54. Kc1 Be2 55. Bh3 Kc3 56. d5 exd5 57. Bg2 Bc5 58. Kb1 Bxe3 59. Bh3 Bxf4
60. Bg2 Bxg5 0-1

[Event "XV Konik Morski Rewala - Open B"]
[Site "Rewal"]
[Date "2010.08.26"]
[Round "7.44"]
[White "Mirski, Roman (j)"]
[Black "Nun, Grzegorz"]
[Result "1/2-1/2"]
[WhiteElo "1568"]
[BlackElo "1721"]
[PlyCount "98"]
[EventDate "2010.??.??"]

1. d4 Nf6 2. c4 c5 3. e3 cxd4 4. exd4 g6 5. Nf3 Bg7 6. Bd3 O-O 7. O-O d6 8. Re1
Nc6 9. Nc3 Bg4 10. Be3 Rc8 11. h3 Bxf3 12. Qxf3 Nb4 13. Bg5 Nxd3 14. Qxd3 Re8
15. Rac1 h6 16. Bxf6 Bxf6 17. Qe3 Bg7 18. Nd5 e6 19. Nf4 Qb6 20. c5 dxc5 21.
dxc5 Qxb2 22. Rb1 Qd4 23. Rxb7 Qxe3 24. Rxe3 Rxc5 25. Rf3 Ra5 26. Rd3 Be5 27.
Rf3 Rxa2 28. g3 Bxf4 29. Rxf4 Rf8 30. Rc4 a5 31. Ra7 Ra1+ 32. Kg2 Kg7 33. Rc5
a4 34. Rca5 Rd8 35. Rxa4 Rxa4 36. Rxa4 Rd3 37. g4 g5 38. f3 f5 39. Ra7+ Kg6 40.
Re7 Rd2+ 41. Kg1 Rd6 42. Rb7 e5 43. Re7 fxg4 44. hxg4 h5 45. gxh5+ Kxh5 46.
Rxe5 Rd4 47. Kf2 Rf4 48. Kg3 Rb4 49. Rd5 Ra4 1/2-1/2

[Event "XV Konik Morski Rewala - Open B"]
[Site "Rewal"]
[Date "2010.08.26"]
[Round "7.45"]
[White "Majdecki, Robert"]
[Black "Nun, Joanna"]
[Result "0-1"]
[WhiteElo "1717"]
[BlackElo "1564"]
[PlyCount "70"]
[EventDate "2010.??.??"]

1. d4 Nf6 2. c4 c5 3. d5 d6 4. Nc3 g6 5. g3 Bg7 6. Bg2 O-O 7. e4 e6 8. Nge2 a6
9. a4 exd5 10. Nxd5 Nxd5 11. Qxd5 Nc6 12. O-O Be6 13. Qd2 Bxc4 14. Rd1 Bxe2 15.
Qxe2 Nd4 16. Qd3 Rc8 17. Rb1 Rc6 18. b3 b5 19. e5 Rc8 20. exd6 Qxd6 21. Bf4 Qd7
22. axb5 Qxb5 23. Qxb5 axb5 24. Bf1 Rfe8 25. Be3 b4 26. Bc4 Nc2 27. Rd7 Rf8 28.
Bf4 Na3 29. Rbd1 Nxc4 30. bxc4 Bd4 31. Rb1 Rfe8 32. Kf1 Ra8 33. Re1 Rxe1+ 34.
Kxe1 b3 35. Kd2 Ra2+ 0-1

[Event "XV Konik Morski Rewala - Open B"]
[Site "Rewal"]
[Date "2010.08.26"]
[Round "7.46"]
[White "Rabeda, Grzegorz"]
[Black "Sowa, Martyna"]
[Result "0-1"]
[WhiteElo "1520"]
[BlackElo "1695"]
[PlyCount "64"]
[EventDate "2010.??.??"]

1. d4 Nf6 2. Nf3 g6 3. g3 Bg7 4. Bg2 O-O 5. O-O d5 6. Ne5 Na6 7. c3 c5 8. e3 e6
9. Nd2 Rb8 10. Re1 Nd7 11. Ndf3 Qc7 12. Nxd7 Bxd7 13. Bd2 b5 14. Bf1 c4 15. e4
Qb7 16. e5 b4 17. Rb1 bxc3 18. Bxc3 Nb4 19. a3 Nc6 20. h4 h6 21. Qc1 Qb6 22. g4
f5 23. g5 h5 24. Be2 Rfe8 25. Rd1 Bf8 26. Rd2 Bxa3 27. Qd1 Bb4 28. Bxb4 Qxb4
29. Rc1 Na5 30. Rc3 Ba4 31. Qb1 Qxc3 32. Qa1 Qb4 0-1

[Event "XV Konik Morski Rewala - Open B"]
[Site "Rewal"]
[Date "2010.08.26"]
[Round "7.47"]
[White "Krolak, Dominika"]
[Black "Hagner, Pawel"]
[Result "1-0"]
[WhiteElo "1443"]
[BlackElo "1901"]
[PlyCount "89"]
[EventDate "2010.??.??"]

1. d4 Nf6 2. c4 g6 3. Nc3 Bg7 4. Bf4 d6 5. Nf3 O-O 6. e3 Nbd7 7. Bd3 Nh5 8. Bg3
e5 9. dxe5 dxe5 10. Bh4 Nhf6 11. O-O Qe8 12. Nb5 Qd8 13. Qc2 a6 14. Nc3 c6 15.
h3 Qc7 16. Bg3 Nh5 17. Bh2 f5 18. Ng5 Nc5 19. Be2 Nf6 20. b4 Ne6 21. Nf3 f4 22.
Qb3 Kh8 23. Rad1 Bh6 24. e4 Ng7 25. c5 Be6 26. Bc4 Bxc4 27. Qxc4 Rfd8 28. g4
fxg3 29. Bxg3 Bf4 30. Bxf4 exf4 31. e5 Nd5 32. Nxd5 cxd5 33. Rxd5 Rxd5 34. Qxd5
Rd8 35. Qc4 Qd7 36. Ng5 Rf8 37. e6 Qe7 38. Nf7+ Kg8 39. Re1 Nxe6 40. Nh6+ Kg7
41. Rxe6 Qh4 42. Ng4 Qxh3 43. Re7+ Kh8 44. Qd4+ Kg8 45. Qg7# 1-0

[Event "XV Konik Morski Rewala - Open B"]
[Site "Rewal"]
[Date "2010.08.26"]
[Round "7.48"]
[White "Krzysztofiak, Zdzislaw"]
[Black "Strek, Jaroslaw"]
[Result "0-1"]
[WhiteElo "1664"]
[BlackElo "1568"]
[PlyCount "54"]
[EventDate "2010.??.??"]

1. e4 c5 2. Nf3 d6 3. Bc4 Nf6 4. Nc3 e6 5. d4 cxd4 6. Nxd4 a6 7. O-O b5 8. Bd3
Be7 9. Be3 O-O 10. a3 Bb7 11. f4 Nbd7 12. h3 Qc7 13. Nf3 Rac8 14. Qd2 Nc5 15.
Bxc5 Qxc5+ 16. Qf2 Nd7 17. Kh1 Qxf2 18. Rxf2 Nc5 19. Rc1 d5 20. e5 Rfd8 21. Re2
d4 22. Ne4 Nxd3 23. cxd3 Rxc1+ 24. Kh2 Bxe4 25. Rxe4 Bc5 26. Re2 b4 27. a4 b3
0-1

[Event "XV Konik Morski Rewala - Open B"]
[Site "Rewal"]
[Date "2010.08.26"]
[Round "7.49"]
[White "Jasniewicz, Rafal"]
[Black "Kopica, Paulina"]
[Result "1/2-1/2"]
[WhiteElo "1588"]
[BlackElo "1567"]
[PlyCount "124"]
[EventDate "2010.??.??"]

1. Nf3 d5 2. d3 Bf5 3. g3 Nf6 4. Bg2 Nbd7 5. O-O e5 6. Nh4 Bg6 7. f4 Bc5+ 8.
Kh1 Ng4 9. e3 Ndf6 10. fxe5 Nxe5 11. d4 Bh5 12. Qe1 Bd6 13. dxe5 Bxe5 14. Bf3
Qd7 15. Bxh5 Nxh5 16. Qf2 g6 17. Nf3 Bd6 18. Bd2 Qh3 19. Rg1 O-O 20. g4 Nf6 21.
Qg2 Qxg2+ 22. Rxg2 Ne4 23. Nc3 Nxd2 24. Rxd2 Rfe8 25. Nxd5 Kg7 26. Re2 c6 27.
Nc3 Bb4 28. Rd1 Rad8 29. Rxd8 Rxd8 30. Kg2 Re8 31. a3 Bxc3 32. bxc3 Re4 33. Kg3
Rc4 34. Rd2 Rxc3 35. Rd7 Rxe3 36. Rxb7 Rxa3 37. Rc7 a5 38. Rxc6 a4 39. Ra6 Rc3
40. Rxa4 Rxc2 41. Ra7 Rc3 42. g5 Rb3 43. Ra4 h6 44. Kg4 hxg5 45. Nxg5 Rb7 46.
Rd4 Re7 47. Nf3 Re2 48. h4 Rg2+ 49. Kf4 Re2 50. Rd7 Re6 51. Kg5 Rf6 52. Nd4 Ra6
53. Nf3 Ra5+ 54. Kf4 Rf5+ 55. Ke4 Ra5 56. Ng5 Ra4+ 57. Ke5 Ra5+ 58. Kd6 Rf5 59.
Ke7 Re5+ 60. Kd6 Rf5 61. Ne6+ Kg8 62. Ng5 Kg7 1/2-1/2

[Event "XV Konik Morski Rewala - Open B"]
[Site "Rewal"]
[Date "2010.08.26"]
[Round "7.51"]
[White "Zezulkin, Alina"]
[Black "Mirski, Roman"]
[Result "0-1"]
[WhiteElo "1653"]
[BlackElo "1592"]
[PlyCount "90"]
[EventDate "2010.??.??"]

1. e4 c5 2. Nf3 Nc6 3. d4 cxd4 4. Nxd4 d6 5. Nc3 g6 6. Be3 Bg7 7. Qd2 Nf6 8. f3
O-O 9. Bc4 Bd7 10. Bb3 Rc8 11. O-O-O Ne5 12. Kb1 Qa5 13. Bg5 Nc4 14. Bxc4 Rxc4
15. Nb3 Qb4 16. e5 dxe5 17. Bxf6 Bxf6 18. Qxd7 Rfc8 19. Nd5 Qa4 20. Qxa4 Rxa4
21. Nxf6+ exf6 22. Rd7 b6 23. Rhd1 f5 24. Re7 e4 25. fxe4 Rxe4 26. Rxe4 fxe4
27. g4 Rc7 28. Re1 Re7 29. Nd4 Kg7 30. c3 Kf6 31. h4 Re8 32. Nb5 Ke5 33. g5 Kf4
34. Nd6 Re7 35. Nxf7 e3 36. Nd6 Kf3 37. Rf1+ Kg2 38. Re1 Kf2 39. Rxe3 Kxe3 40.
Kc2 Kf4 41. Kb3 Kg4 42. Kc4 Kxh4 43. a4 Kxg5 44. Kb5 h5 45. Ka6 h4 0-1

[Event "XV Konik Morski Rewala - Open B"]
[Site "Rewal"]
[Date "2010.08.27"]
[Round "8.1"]
[White "Kaczmarek, Aleksander"]
[Black "Janus, Przemyslaw"]
[Result "0-1"]
[WhiteElo "2012"]
[BlackElo "2085"]
[PlyCount "94"]
[EventDate "2010.??.??"]

1. e4 c5 2. Nf3 Nc6 3. d4 cxd4 4. Nxd4 d5 5. Bb5 dxe4 6. Nxc6 Qxd1+ 7. Kxd1 a6
8. Nc3 axb5 9. Nxb5 Bg4+ 10. Ke1 Rc8 11. Nb4 e5 12. Bd2 Nf6 13. h3 Bd7 14. a4
Bc5 15. c3 Ke7 16. Nc2 Rhd8 17. Be3 Nd5 18. g3 Bxe3 19. fxe3 Rc5 20. Rh2 Ra8
21. Re2 Bxh3 22. Rd2 Be6 23. b4 Rc6 24. Ra3 Nb6 25. Rd1 Rxa4 26. Rda1 Rxa3 27.
Rxa3 Bc4 28. Ra5 Bxb5 29. Rxb5 Ke6 30. Na3 h5 31. c4 Nxc4 32. Nxc4 Rxc4 33.
Rxb7 g5 34. b5 Rb4 35. b6 f6 36. Rb8 Kf5 37. b7 Kg4 38. Rf8 Rxb7 39. Rxf6 Rb1+
40. Kf2 Rb2+ 41. Kf1 Kxg3 42. Rf5 Kg4 43. Rxe5 h4 44. Kg1 h3 45. Kh1 Kh4 46.
Kg1 g4 47. Rc5 Rb1+ 0-1

[Event "XV Konik Morski Rewala - Open B"]
[Site "Rewal"]
[Date "2010.08.27"]
[Round "8.2"]
[White "Zakrzewski, Marek"]
[Black "Koziej, Maciej"]
[Result "0-1"]
[WhiteElo "1991"]
[BlackElo "2025"]
[PlyCount "64"]
[EventDate "2010.??.??"]

1. e4 Nf6 2. e5 Nd5 3. Nc3 Nxc3 4. dxc3 d5 5. Nf3 Bg4 6. h3 Bxf3 7. Qxf3 e6 8.
c4 Nd7 9. Bf4 c6 10. cxd5 cxd5 11. Be2 g5 12. Bg3 Bg7 13. O-O Nxe5 14. Bxe5
Bxe5 15. Bb5+ Kf8 16. c4 Qf6 17. Qxf6 Bxf6 18. cxd5 exd5 19. Rac1 Kg7 20. Rc7
Rab8 21. b3 Rhd8 22. f4 h6 23. fxg5 hxg5 24. Rf5 Rd6 25. Be2 d4 26. Bh5 Rf8 27.
Kf1 d3 28. Ke1 g4 29. hxg4 d2+ 30. Kd1 Re8 31. g5 Re1+ 32. Kc2 Rc1# 0-1

[Event "XV Konik Morski Rewala - Open B"]
[Site "Rewal"]
[Date "2010.08.27"]
[Round "8.3"]
[White "Nowak, Ryszard"]
[Black "Krajewicz, Pawel"]
[Result "1-0"]
[WhiteElo "2091"]
[BlackElo "2005"]
[PlyCount "83"]
[EventDate "2010.??.??"]

1. c4 e5 2. Nc3 Nc6 3. g3 f5 4. Bg2 Nf6 5. e3 Be7 6. Nge2 O-O 7. O-O d6 8. Nd5
Kh8 9. d3 Nb8 10. b3 Nbd7 11. Bb2 c6 12. Nxe7 Qxe7 13. e4 Nc5 14. b4 Na6 15. a3
f4 16. gxf4 Ng4 17. f5 g6 18. h3 gxf5 19. hxg4 f4 20. f3 h5 21. gxh5 Qh4 22.
Rf2 Bh3 23. Bxh3 Qxh3 24. Rg2 Qxf3 25. Qf1 Qxd3 26. Nxf4 Qe3+ 27. Qf2 Qxf4 28.
Qxf4 Rxf4 29. Rd1 Rg8 30. Rxd6 Rxg2+ 31. Kxg2 Rxe4 32. Kf3 Rxc4 33. Bxe5+ Kg8
34. Rd7 Rh4 35. Rg7+ Kf8 36. Rg5 Kf7 37. Bg3 Rd4 38. h6 Rd8 39. Rg7+ Ke6 40.
Rxb7 Rf8+ 41. Ke4 Rg8 42. h7 1-0

[Event "XV Konik Morski Rewala - Open B"]
[Site "Rewal"]
[Date "2010.08.27"]
[Round "8.4"]
[White "Szczecina, Michal"]
[Black "Czernicki, Bogdan"]
[Result "1/2-1/2"]
[WhiteElo "2100"]
[BlackElo "1960"]
[PlyCount "94"]
[EventDate "2010.??.??"]

1. d4 Nf6 2. c4 c5 3. Nf3 g6 4. Nc3 cxd4 5. Nxd4 Nc6 6. e4 Nxd4 7. Qxd4 d6 8.
Be2 Bg7 9. Be3 O-O 10. Qd2 b6 11. f3 Bb7 12. O-O Rc8 13. Rac1 Qd7 14. Rfd1 Rfd8
15. Qe1 Qc7 16. a4 Rd7 17. Qf2 Qb8 18. a5 bxa5 19. Bxa7 Qa8 20. Be3 Bc6 21. Nb5
Ne8 22. Bf1 Rb8 23. Ra1 Nc7 24. Nxc7 Rxc7 25. Bb6 Rcc8 26. Rxa5 Qb7 27. c5 dxc5
28. Bxc5 Qxb2 29. Qxb2 Bxb2 30. Bxe7 Ra8 31. Rxa8 Rxa8 32. Rd8+ Rxd8 33. Bxd8
Bd4+ 34. Kh1 Bd7 35. Bc7 Be6 36. g3 f6 37. Kg2 Kf7 38. Be2 Bb3 39. f4 Ke6 40.
g4 Ba2 41. Kf3 Kd7 42. Ba5 Bb3 43. Be1 Ke6 44. Bf2 Bxf2 45. Kxf2 g5 46. Ke3 h6
47. fxg5 hxg5 1/2-1/2

[Event "XV Konik Morski Rewala - Open B"]
[Site "Rewal"]
[Date "2010.08.27"]
[Round "8.5"]
[White "Ostrowska, Dominika"]
[Black "Dowgird, Filip"]
[Result "1/2-1/2"]
[WhiteElo "1930"]
[BlackElo "2096"]
[PlyCount "90"]
[EventDate "2010.??.??"]

1. e4 e6 2. d4 d5 3. Nc3 Nc6 4. Be3 Nf6 5. e5 Nd7 6. f4 Nb6 7. b3 Bd7 8. Nf3 g6
9. Be2 Nc8 10. Nb1 N8e7 11. Nh4 h5 12. O-O Ng8 13. Nf3 Nh6 14. c4 Nf5 15. Bf2
Nce7 16. Nh4 Bc6 17. c5 Bh6 18. Qd2 b6 19. Rc1 Qd7 20. Bd3 a5 21. Nxf5 gxf5 22.
cxb6 cxb6 23. Nc3 Ng6 24. Ne2 Bb5 25. Bxb5 Qxb5 26. Rc7 O-O 27. Be3 Rfc8 28.
Rac1 Rxc7 29. Rxc7 h4 30. Qc2 a4 31. Rb7 axb3 32. axb3 Ra1+ 33. Kf2 Bxf4 34.
Qc7 Bxe3+ 35. Kxe3 f4+ 36. Kf2 Kg7 37. Qxf7+ Kh6 38. Qg7+ Kg5 39. Qf6+ Kh6 40.
Rg7 Qd3 41. Rxg6+ Qxg6 42. Qxh4+ Kg7 43. Qe7+ Qf7 44. Qg5+ Qg6 45. Qe7+ Qf7
1/2-1/2